000 00618nam a2200229Ia 4500
003 OSt
005 20221007080104.0
006 a|||||r|||| 00| 0
007 ta
008 221006b |||||||| |||| 00| 0 eng d
024 _a17,324
037 _cTextual
040 _aFLL
_cFLL
_beng
041 _2eng
_aeng
082 _aXM55:Z2, L8
100 _aSanthanam R. Au.
_9685688
245 0 _aGuide to amalgamations of companied
260 _aNew Delhi
_bSultan chand and sons India
_c1978
300 _a252p
_ccm.
942 _hXM55:Z2, L8
_cTEXL
_2CC
999 _c1158330
_d1158330